| 000 | 01334cam a22003495a 4500 | ||
|---|---|---|---|
| 001 | 15549773 | ||
| 005 | 20090505172125.0 | ||
| 008 | 081209s2009 maua 001 0 eng d | ||
| 010 | _a 2008301188 | ||
| 020 | _a9781439037720 | ||
| 020 | _a1439037728 | ||
| 035 | _a(OCoLC)ocn256789249 | ||
| 040 |
_aCPA _cCPA _dCPA _dDLC |
||
| 042 | _alccopycat | ||
| 050 | 0 | 0 |
_aQA76.76.H94 _bC3676 2009 |
| 082 | 0 | 4 |
_a005.72 _222 _bCAR |
| 100 | 1 |
_aCarey, Patrick, _d1961- _97202 |
|
| 245 | 1 | 0 |
_aNew perspectives on HTML, XHTML, and XML / _cPatrick Carey. |
| 246 | 1 | 4 | _aHTML and XHTML |
| 250 |
_a3rd. ed. _bInternational ed. |
||
| 260 |
_aBoston, Mass. : _bCourse Technology, Cengage Learning, _cc2010. |
||
| 300 |
_a847; Various p.; _bcol. ill. ; _c28 cm. |
||
| 490 | 0 | _aNew perspectives series ; | |
| 500 | _aIncludes index. | ||
| 500 | _aIncludes Refrences. | ||
| 650 | 0 |
_aHTML (Document markup language) _97203 |
|
| 650 | 0 |
_aXHTML (Document markup language) _97204 |
|
| 650 | 0 |
_aWeb sites _xDesign. _97205 |
|
| 942 |
_2ddc _cBB |
||
| 999 |
_c13518 _d13518 |
||